000 00727nam a22001937a 4500
999 _c179509
_d179509
005 20210630115211.0
010 _aUR-11145
020 _c35.00
_a-
035 _aU-9700
037 _bDBAD/PUB
082 _a440
100 _aچيف ا يڈ يٹر ا و ر ڈ اير یکٹر ا و ر پر نسپل
245 _aجمنا تٹ
_cچيف ا يڈ يٹر ا و ر ڈ اير یکٹر ا و ر پر نسپل
246 _aJamna Tat (Urdu)
_bby Arundharti Roy / Translated by Arjumand Ara
260 _aHaryana
_c2017 ء
_bHaryana Urdu Acedemy
270 _aHaryana Urdu Acedemy bhawan,I.P.16,Secter 14,Panchkula
_bHaryana
_e134113
_l-
300 _a136+16 ص
_c22 Cm(Hb)
942 _2ddc
_cUR
_h440
_mج م ن